000 00331nam a22001457a 4500
008 210512b ||||| |||| 00| 0 eng d
020 _a9781563374746
041 _aeng
080 _26th
_a61
082 _a61
100 _a3
101 _aSHM
245 _aICD-9-CM Professional for Physicians
_cAnita C. Hart
942 _2udc
_cBK
999 _c57289
_d57289